Sufism, Mysticism and Philosophy (Record no. 11041)

MARC details
000 -LEADER
fixed length control field 00603nam a2200241 a 4500
020 ## - INTERNATIONAL STANDARD BOOK NUMBER
ISBN
082 00 - DEWEY DECIMAL CLASSIFICATION NUMBER
Classification number 297.4
Author Cutter BAI2
100 ## - MAIN ENTRY--AUTHOR NAME
Author name Baig, Mirza Safdar Ali
245 ## - TITLE STATEMENT
Title Sufism, Mysticism and Philosophy
260 ## - PUBLICATION, DISTRIBUTION, ETC. (IMPRINT)
Place of publication Hyderabad
Name of publisher Markazi Anjuman Taleemus Salat
Year of publication 0000
300 ## - PHYSICAL DESCRIPTION
Number of Pages 181p
500 ## - GENERAL NOTE
General note includes index and biblioraphy
505 2# - FORMATTED CONTENTS NOTE
Formatted contents note Index
650 ## - SUBJECT ADDED ENTRY--TOPICAL TERM
Topical Term Sufism
942 ## - ADDED ENTRY ELEMENTS (KOHA)
Koha item type Books
700 1# -
-- Baig, Mirza Safdar Ali
Holdings
Collection code Home library Current library Date acquired Cost, normal purchase price Full call number Accession Number Koha item type Shelving location Source of acquisition
  Henry Martyn Institute Library Henry Martyn Institute Library 07/18/2012 100.00 297.4 BAI2 018249 Books    
  Henry Martyn Institute Library Henry Martyn Institute Library 09/23/2022 125.00 297.4 BAI2 11002881 Books General stacks Andreas D'Souza"s
                   Copyright © 2026 | Henry Martyn Institute | Hyderabad | TS-500052 | INDIA | Implemented by hmi.edu.in
Hit-Count:

Powered by Koha